000 00447nam a2200205Ia 4500
001 12860
003 GE_BSU
008 181216s||||||||xx |||||||||||||| ||und||
020 _a0747230633
040 _cGE_BSU
080 _a821.111-311.6
100 _aBowling,Harry.
245 _aConner Street's War.
260 _aLondon.
260 _bHeadline.
260 _c1987
300 _a246p;18cm.
653 _aConner Street's War.
942 _cBK
999 _c46030
_d46030